Via Slovakia SK

Saved in:
Bibliographic Details
Main Author Slavomír, Duchovič
Format Electronic eBook
LanguageCzech
Published Jota 2026
Edition1. elektronické vydání
Subjects
Online AccessDostupné v BOOKPORT po přihlášení pomocí eduID
ISBN978-80-7689-763-2
978-80-7689-750-2
Physical Description1 online zdroj (359 stran)

Cover

LEADER 00000nam a2200000 i 4500
001 bkp255155422
003 CZ-prgp
005 20260520160830.0
006 m o d
007 cr cn
008 260520s2026 xr o 000 1 cze
020 |a 978-80-7689-763-2  |c 418 Kč  |q (online ; epub) 
020 |a 978-80-7689-750-2  |c 598 Kč  |q (print) 
040 |a Grada  |b cze  |e rda 
100 1 |a Slavomír, Duchovič 
245 1 0 |a Via Slovakia SK  |c Duchovič Slavomír 
250 |a 1. elektronické vydání 
264 1 |b Jota  |c 2026 
300 |a 1 online zdroj (359 stran) 
336 |a text  |b txt  |2 rdacontent 
337 |a počítač  |b c  |2 rdamedia 
338 |a online zdroj  |b cr  |2 rdacarrier 
520 3 |a Cesta mení, cesta očisťuje, na ceste sa dejú zázraky... Via Slovakia je jedinečná trasa naprieč Slovenskom, plná zaujímavých miest, adrenalínových atrakcií, nádherných výhľadov a nespútanej divočiny. Vyberte si jednu z osemnástich trás a vydajte sa na kratšie či dlhšie putovanie cez majestátne hory, doliny a rieky. Zažite na vlastnej koži nezabudnuteľnú atmosféru starobylých hradov a malebných dediniek, kde akoby sa zastavil čas, a nechajte sa očariť tradičnou slovenskou kultúrou a pohostinnosťou. Staňte sa aj vy súčasťou Via Slovakia! Kniha vychádza v slovenskom aj českom jazyku s množstvom pôsobivých fotografií, praktických rád a máp. 
650 0 4 |a Sport, zdraví a životní styl 
650 0 4 |a Literatura faktu 
650 0 4 |a Životní styl 
856 4 0 |u https://www.bookport.cz/AccountSaml/SignIn/?idp=https://shibboleth.utb.cz/idp/shibboleth&returnUrl=/kniha/via-slovakia-sk-16078/  |y Dostupné v BOOKPORT po přihlášení pomocí eduID